000 00337nam a22001457a 4500
005 20160916100943.0
008 160916b xxu||||| |||| 00| 0 eng d
041 _aeng
100 _aVERMA,DR.B.P
_93563
245 _aROCK MECHANICS FOR ENGINEERS
260 _bKHANNA
_c2015
300 _a256
650 _aENGINEERING
_93564
942 _cBK
999 _c5248
_d5246